000 01362cam a2200241Ia 4500
005 20140903175026.0
008 100707s2010 enka frado 001 0 eng d
020 _a9780415551618
040 _aCo-BoUCM
_bspa
_cJavier Garzón
_dAldemar Mondragón
041 0 _aeng
100 1 _aCrook, Tim
_d1959-
_955810
245 1 0 _aComparative media law and ethics
_cTim Crook
260 _aAbingdon (Reino Unido)
_bRoutledge
_c2010
300 _axiv, 481 páginas
_bilustraciones, gráficas y fotos
504 _aIncluye referencias bibliográficas e índices
505 0 _aPrimary media law of the UK and USA -- Media jurisprudence, media ethicology, and media ethicism -- Defamation law -- Contempt/protecting fair trial law -- Privacy law in depth -- Media regulation -- State and national security law -- Media law and ethics : 4 genres of jurisdictions -- The legal problematizing of journalism -- Human rights and international law for journalists -- Racial and religious hatred -- Copyright and intellectual property law-- Freedom of information legislation.
650 7 _aComunicaciones
_xLegislación
_933226
650 7 _aMedios de comunicación de masas
_xLegislación
_955811
650 7 _aPeriodismo
_xLegislación
_955813
690 _942767
_aDerecho comercial
942 _a8
_cLIBRO
_e1
_mC948c
_2DEWEY
_h343.099
999 _c184564
_d184564